25 plus grandes villes d'Afrique - Statistiques

Statistiques générales
  • Ce quiz a été pris 82 fois
  • Le résultat moyen est 14 sur 25
Statistiques - réponses
Hint Réponse % Correct
23 074 200 Le Caire
99%
5 063 580 Le Cap
92%
3 540 460 Dakar
89%
17 778 500 Kinshasa
89%
6 056 880 Abidjan
87%
6 444 580 Johannesbourg
83%
17 156 400 Lagos
83%
4 012 310 Casablanca
80%
5 766 990 Nairobi
79%
5 807 050 Alexandrie
74%
5 956 680 Addis Abeba
66%
4 209 940 Abuja
64%
4 854 260 Yaoundé
64%
10 027 900 Luanda
61%
6 754 180 Khartoum
58%
8 561 520 Dar Es Salam
53%
4 228 980 Antananarivo
42%
3 520 820 Ouagadougou
42%
4 265 160 Kampala
37%
4 346 420 Douala
32%
4 645 320 Kano
32%
4 144 130 Ibadan
21%
3 636 550 Port Harcourt
12%
4 036 230 Kumasi
8%
4 262 130 Ekurhuleni
0%
Aucun quiz correspondant
Distribution des résultats
% des personnes avec chaque résultat
Percentile par nombre de réponses
Votre historique - résultats
Vous n’avez pas pris ce quiz